<?xml version="1.0" encoding="UTF-8"?><?xml-stylesheet type="text/xsl" href="static/style.xsl"?><OAI-PMH xmlns="http://www.openarchives.org/OAI/2.0/" xmlns:xsi="http://www.w3.org/2001/XMLSchema-instance" xsi:schemaLocation="http://www.openarchives.org/OAI/2.0/ http://www.openarchives.org/OAI/2.0/OAI-PMH.xsd"><responseDate>2026-06-07T13:53:33Z</responseDate><request verb="GetRecord" identifier="oai:docta.ucm.es:20.500.14352/102045" metadataPrefix="marc">https://docta.ucm.es/rest/oai/request</request><GetRecord><record><header><identifier>oai:docta.ucm.es:20.500.14352/102045</identifier><datestamp>2024-03-07T15:20:59Z</datestamp><setSpec>com_20.500.14352_14</setSpec><setSpec>col_20.500.14352_20</setSpec></header><metadata><record xmlns="http://www.loc.gov/MARC21/slim" xmlns:dcterms="http://purl.org/dc/terms/" xmlns:xsi="http://www.w3.org/2001/XMLSchema-instance" xmlns:doc="http://www.lyncode.com/xoai" xsi:schemaLocation="http://www.loc.gov/MARC21/slim http://www.loc.gov/standards/marcxml/schema/MARC21slim.xsd">
   <leader>00925njm 22002777a 4500</leader>
   <datafield ind2=" " ind1=" " tag="042">
      <subfield code="a">dc</subfield>
   </datafield>
   <datafield ind2=" " ind1=" " tag="720">
      <subfield code="a">Lavilla Muñoz, David</subfield>
      <subfield code="e">author</subfield>
   </datafield>
   <datafield ind2=" " ind1=" " tag="260">
      <subfield code="c">2005</subfield>
   </datafield>
   <datafield ind2=" " ind1=" " tag="520">
      <subfield code="a">El avance de la tecnología conllevará también un progreso en la facilidad de manejo de los dispositivos electrónico y, por tanto, un uso de ellos más extensivo en el hogar. Esto cobra sentido en el momento en el que la televisión digital propone una oferta con mayor calidad de imagen, mayor calidad de sonido y un aumento más que significativo en los servicios.</subfield>
   </datafield>
   <datafield ind1="8" ind2=" " tag="024">
      <subfield code="a">Lavilla, D. (2005). Inversión en avances tecnológicos y domótica: claves del éxito en la televisión digital. En F. Peinado, M. D. Rodríguez Barba &amp; M. A. Fernández Sande (Eds.), La Radio y la Televisión en la Europa Digital (pp. 409–429). Ediciones Complutense</subfield>
   </datafield>
   <datafield ind1="8" ind2=" " tag="024">
      <subfield code="a">84-95903-39-3</subfield>
   </datafield>
   <datafield ind1="8" ind2=" " tag="024">
      <subfield code="a">https://hdl.handle.net/20.500.14352/102045</subfield>
   </datafield>
   <datafield ind1="8" ind2=" " tag="024">
      <subfield code="a">https://www.ucm.es/ediciones-complutense</subfield>
   </datafield>
   <datafield ind1="8" ind2=" " tag="024">
      <subfield code="a">https://dialnet.unirioja.es/servlet/articulo?codigo=6461393</subfield>
   </datafield>
   <datafield ind1="8" ind2=" " tag="024">
      <subfield code="a">https://dialnet.unirioja.es/congreso/73</subfield>
   </datafield>
   <datafield ind2="0" ind1="0" tag="245">
      <subfield code="a">Inversión en avances tecnológicos y domótica: claves del éxito en la televisión digital</subfield>
   </datafield>
</record></metadata></record></GetRecord></OAI-PMH>